000 00287nam a2200121Ia 4500
008 220204s9999 xx 000 0 und d
082 _bVAN
100 _aVanmala Desai
245 0 _a100 easy to make gujarati dishes
260 _aNew Delhi
_bVikas
_c1979
700 _aVeena
942 _cBK
999 _c32105
_d32105